000 00674nam a2200253Ia 4500
003 OSt
005 20220926044215.0
006 a|||||r|||| 00| 0
007 ta
008 220923b |||||||| |||| 00| 0 eng d
020 _a0855271485
037 _cGeneral Book
040 _aRTL
_cRTL
_beng
041 _2eng
_aeng
082 _aY47, L9
100 _aKonrad George
_9131341
245 0 _aIntellectuals on the road to class power
_b A sociol
260 _c1975
300 _axix, 252p
_ccm.
650 _aIntellectuals
700 _a Szelenyi Ivan
_923616
942 _hY47, L9
_cGB
_2CC
999 _c674257
_d674257